000 00432nam a2200181Ia 4500
001 1520
005 20260306143734.0
008 260306t1979||||xx |||||||||||||| ||spa||
041 _aESP
082 _a150.724
_bB74
100 _aBoring, Edwin G.
_eAUT
245 0 _aHistoria de la psicologĂ­a experimental
260 _c1979
300 _a822 páginas :
_c23 cm.
650 _aGEN
654 _aCPS
942 _cLIB
_dJUS
_fJUS
_2ddc
_n
999 _c1520
_d1520